Beyond the earth : (Record no. 9765)
[ view plain ]
| 000 -LEADER | |
|---|---|
| fixed length control field | 00993nam a22002657a 4500 |
| 001 - CONTROL NUMBER | |
| control field | 9765 |
| 003 - CONTROL NUMBER IDENTIFIER | |
| control field | FISKH |
| 005 - DATE AND TIME OF LATEST TRANSACTION | |
| control field | 20260212124211.0 |
| 008 - FIXED-LENGTH DATA ELEMENTS--GENERAL INFORMATION | |
| fixed length control field | 260212b cb ||||| |||| 00| 0 eng d |
| 040 ## - CATALOGING SOURCE | |
| Original cataloging agency | FISKH |
| Language of cataloging | eng |
| Transcribing agency | FISKH |
| Modifying agency | FISKH |
| 082 ## - DEWEY DECIMAL CLASSIFICATION NUMBER | |
| Classification number | 629.4 |
| 100 ## - MAIN ENTRY--PERSONAL NAME | |
| Personal name | Sorensen , Monica |
| 245 ## - TITLE STATEMENT | |
| Title | Beyond the earth : |
| Remainder of title | The sky's the limit / |
| Statement of responsibility, etc. | by Monica Sorensen : Illustrated by Rich Stormwall : Edited by Ruth Berman |
| 260 ## - PUBLICATION, DISTRIBUTION, ETC. | |
| Place of publication, distribution, etc. | Minneapolis, Minnesota : |
| Name of publisher, distributor, etc. | Minnesota Department of Education , |
| Date of publication, distribution, etc. | 1995 . |
| 300 ## - PHYSICAL DESCRIPTION | |
| Extent | 17 pages : |
| Other physical details | illustrations ; |
| Dimensions | 20 X 26 cm . |
| 490 ## - SERIES STATEMENT | |
| Series statement | The sky's the limit |
| Volume/sequential designation | IV |
| 505 ## - FORMATTED CONTENTS NOTE | |
| Formatted contents note | V <br/> |
| 520 ## - SUMMARY, ETC. | |
| Summary, etc. | The book focuses on how humans have pushed past Earth’s boundaries to explore outer space using rockets, satellites, space shuttles, and modern spacecraft. |
| 521 8# - TARGET AUDIENCE NOTE | |
| Target audience note | 850 <br/> |
| Source | Lexile <br/> |
| 521 8# - TARGET AUDIENCE NOTE | |
| Target audience note | V <br/> |
| Source | Raz-Plus <br/> |
| 700 ## - ADDED ENTRY--PERSONAL NAME | |
| Personal name | Stormwall , Rich |
| Relator term | Illustrator |
| 700 ## - ADDED ENTRY--PERSONAL NAME | |
| Personal name | Berman , Ruth |
| Relator term | Editor |
| 942 ## - ADDED ENTRY ELEMENTS (KOHA) | |
| Source of classification or shelving scheme | Dewey Decimal Classification |
| Koha item type | Books |
| Suppress in OPAC | No |
| Withdrawn status | Lost status | Source of classification or shelving scheme | Damaged status | Not for loan | Collection | Home library | Current library | Shelving location | Date acquired | Total Checkouts | Full call number | Barcode | Date last seen | Price effective from | Koha item type |
|---|---|---|---|---|---|---|---|---|---|---|---|---|---|---|---|
| Dewey Decimal Classification | Non-Fiction | Footprints International School Library Network Toul Tom Poung Campus | Footprints International School Library Network Toul Tom Poung Campus | TTP Secondary Non-Fiction Bookshelves | 02/12/2026 | SOR 629.4 | 2026-0258 | 02/12/2026 | 02/12/2026 | Books |
